Viper Three (Record no. 350796)

000 -LEADER
fixed length control field 00594cam a2200229 4500
001 - CONTROL NUMBER
control field 329788
003 - CONTROL NUMBER IDENTIFIER
control field OSt
005 - DATE AND TIME OF LATEST TRANSACTION
control field 20180116183026.0
008 - FIXED-LENGTH DATA ELEMENTS--GENERAL INFORMATION
fixed length control field 710329s1971 nyu 000 1 eng
010 ## - LIBRARY OF CONGRESS CONTROL NUMBER
LC control number 75142348
020 ## - INTERNATIONAL STANDARD BOOK NUMBER
International Standard Book Number 0
040 ## - CATALOGING SOURCE
Original cataloging agency DLC
Transcribing agency DLC
Modifying agency DLC
050 00 - LIBRARY OF CONGRESS CALL NUMBER
Classification number PZ4.W128
Item number Vi
Classification number PS3573.A35
082 00 - DEWEY DECIMAL CLASSIFICATION NUMBER
Classification number 813.54 WAG 1971
100 1# - MAIN ENTRY--PERSONAL NAME
Personal name Wager, Walter,
Dates associated with a name 1924-2004.
245 10 - TITLE STATEMENT
Title Viper Three
Statement of responsibility, etc. [by] Walter Wager.
260 ## - PUBLICATION, DISTRIBUTION, ETC.
Place of publication, distribution, etc. New York,
Name of publisher, distributor, etc. Macmillan
Date of publication, distribution, etc. [1971]
300 ## - PHYSICAL DESCRIPTION
Extent 257 p.
Dimensions 21 cm.
350 ## - PRICE (NR) (BK AM CF MU VM SE) [OBSOLETE]
Price $5.95
906 ## - LOCAL DATA ELEMENT F, LDF (RLIN)
a 7
b cbc
c orignew
d 2
e ncip
f 19
g y-gencatlg
942 ## - ADDED ENTRY ELEMENTS (KOHA)
Source of classification or shelving scheme
Koha item type Book
Holdings
Withdrawn status Lost status Source of classification or shelving scheme Damaged status Not for loan Collection code Permanent Location Current Location Shelving location Date acquired Total Checkouts Full call number Barcode Date last seen Price effective from Koha item type
            Central Library (CL) Central Library (CL) Fiction 12/08/2015   813.54 WAG 1971 NBSD-2329 12/08/2015 12/08/2015 Book
© 2023 Central Library, National University of Sciences and Technology. All Rights Reserved.